[Event "Adelaide Checkmate op"]
[Site "Adelaide"]
[Date "2007.07.07"]
[Round "1"]
[White "Toth, Andras"]
[Black "Cloudsdale, Colin"]
[Result "1-0"]
[WhiteElo "2421"]
[BlackElo "1929"]
[PlyCount "43"]
[EventDate "2007.07.07"]
[EventType "swiss"]
[EventRounds "7"]
[EventCountry "AUS"]
[SourceTitle "EXT 2010"]
[Source "ChessBase"]
[SourceDate "2010.11.25"]
[SourceVersion "1"]
[SourceVersionDate "2010.11.25"]
[SourceQuality "1"]

1. e4 c5 2. Nf3 e6 3. d4 cxd4 4. Nxd4 Nc6 5. Nc3 a6 6. Be2 Qc7 7. Be3 Nf6 8. 0-0 Be7 9. f4 d6 10. Qe1 Bd7 11. Qg3 0-0 12. Kh1 Rfe8 13. e5 Nd5 14. Nf5 g6 15. Nh6+ Kg7 16. Nf5+ Kg8 17. exd6 Bxd6 18. Nxd6 Nxc3 19. Nxe8 Nxe2 20. Nxc7 Nxg3+ 21. hxg3 Rc8 22. Rad1 1-0

[Event "Sydney op"]
[Site "Parramatta"]
[Date "2007.04.14"]
[Round "8"]
[White "Toth, Andras"]
[Black "Ayvazyan, Armen"]
[Result "1-0"]
[WhiteElo "2408"]
[BlackElo "2241"]
[PlyCount "59"]
[EventDate "2007.04.10"]
[EventType "swiss"]
[EventRounds "9"]
[EventCountry "AUS"]
[SourceTitle "EXT 2023"]
[Source "ChessBase"]
[SourceDate "2022.10.05"]
[SourceVersion "1"]
[SourceVersionDate "2022.10.05"]
[SourceQuality "1"]

1. e4 c5 2. Nf3 Nc6 3. d4 cxd4 4. Nxd4 Nf6 5. Nc3 d6 6. Bg5 e6 7. Qd2 a6 8. 0-0-0 Bd7 9. f3 Qc7 10. Kb1 b5 11. Bxb5 axb5 12. Ndxb5 Qb8 13. Nxd6+ Bxd6 14. Qxd6 Qxd6 15. Rxd6 Ke7 16. Rhd1 Rhd8 17. b3 Be8 18. Rxd8 Rxd8 19. Rxd8 Kxd8 20. a4 h6 21. Be3 Bd7 22. Kb2 Bc8 23. Bb6+ Kd7 24. Nd1 Ne8 25. c4 Ne5 26. Kc3 Nd6 27. Bd4 f6 28. Bxe5 fxe5 29. b4 Kc6 30. Nb2 1-0

[Event "Sydney op"]
[Site "Parramatta"]
[Date "2007.04.13"]
[Round "7"]
[White "Smith, Robert Wayne"]
[Black "Toth, Andras"]
[Result "1/2-1/2"]
[WhiteElo "2294"]
[BlackElo "2408"]
[PlyCount "86"]
[EventDate "2007.04.10"]
[EventType "swiss"]
[EventRounds "9"]
[EventCountry "AUS"]
[SourceTitle "CBM 117 Extra"]
[Source "ChessBase"]
[SourceDate "2007.05.09"]
[SourceVersion "1"]
[SourceVersionDate "2007.05.09"]
[SourceQuality "1"]

1. e4 c5 2. Nf3 d6 3. d4 cxd4 4. Nxd4 Nf6 5. Nc3 a6 6. f3 e6 7. Be3 Nbd7 8. g4 h6 9. Qd2 b5 10. g5 hxg5 11. Bxg5 Bb7 12. Bd3 Be7 13. h4 Qa5 14. Nb3 Qc7 15. 0-0-0 Ne5 16. Rhf1 b4 17. Ne2 d5 18. exd5 Bxd5 19. Nf4 Nxd3+ 20. Nxd3 a5 21. Kb1 a4 22. Nbc1 Bc4 23. Rg1 a3 24. Bf4 Qa5 25. b3 Bxd3 26. Nxd3 Nd5 27. Be5 Bf6 28. Rde1 Rxh4 29. Bxf6 gxf6 30. Rg8+ Kd7 31. Rxa8 Qxa8 32. Nxb4 Rxb4 33. c4 Rb8 34. cxd5 Qxd5 35. Qxd5+ exd5 36. Kc2 Rc8+ 37. Kd3 Kd6 38. b4 Rc4 39. Rb1 Kc6 40. Rb3 Kb5 41. Rxa3 Kxb4 42. Ra7 Rc3+ 43. Kd4 Rxf3 1/2-1/2

[Event "Doeberl Cup 45th"]
[Site "Canberra"]
[Date "2007.04.08"]
[Round "5"]
[White "Wallis, Christopher"]
[Black "Toth, Andras"]
[Result "1-0"]
[WhiteElo "2178"]
[BlackElo "2408"]
[PlyCount "77"]
[EventDate "2007.04.06"]
[EventType "swiss"]
[EventRounds "7"]
[EventCountry "AUS"]
[SourceTitle "CBM 117 Extra"]
[Source "ChessBase"]
[SourceDate "2007.05.09"]
[SourceVersion "1"]
[SourceVersionDate "2007.05.09"]
[SourceQuality "1"]

1. e4 c5 2. Nf3 d6 3. Bb5+ Bd7 4. Bxd7+ Qxd7 5. c4 Nf6 6. Nc3 Nc6 7. d4 cxd4 8. Nxd4 g6 9. Nde2 Bg7 10. f3 0-0 11. 0-0 Rfc8 12. Be3 Qd8 13. b3 Qa5 14. Qd2 a6 15. a4 Nd7 16. Rab1 Rab8 17. Rfd1 Kf8 18. Kh1 Qb4 19. Qc1 Qa5 20. Bh6 Nb4 21. Bxg7+ Kxg7 22. Qb2 Kg8 23. Qd2 Qc5 24. Nf4 Nf6 25. Nd3 Nxd3 26. Qxd3 h5 27. Qd4 b6 28. f4 Rb7 29. h3 Nd7 30. Qd3 Kf8 31. Qf3 Qc6 32. f5 Ne5 33. Qf4 Kg7 34. Nd5 Kh7 35. f6 exf6 36. Nxf6+ Kg7 37. Qg5 Rh8 38. Rd5 Rbb8 39. Rbd1 1-0

[Event "Doeberl Cup 45th"]
[Site "Canberra"]
[Date "2007.04.06"]
[Round "1"]
[White "Stojic, Svetozar"]
[Black "Toth, Andras"]
[Result "0-1"]
[WhiteElo "1991"]
[BlackElo "2408"]
[PlyCount "54"]
[EventDate "2007.04.06"]
[EventType "swiss"]
[EventRounds "7"]
[EventCountry "AUS"]
[SourceTitle "CBM 117 Extra"]
[Source "ChessBase"]
[SourceDate "2007.05.09"]
[SourceVersion "1"]
[SourceVersionDate "2007.05.09"]
[SourceQuality "1"]

1. e4 c5 2. Nf3 e6 3. d4 cxd4 4. Nxd4 a6 5. Nc3 b5 6. Be3 Bb7 7. f3 d6 8. Be2 Nf6 9. 0-0 Nbd7 10. Re1 Be7 11. Bf1 0-0 12. a3 Ne5 13. g4 Rc8 14. g5 Nfd7 15. f4 Nc4 16. Bxc4 Rxc4 17. Qg4 g6 18. f5 Ne5 19. Qg3 exf5 20. exf5 Rxd4 21. Bxd4 Nf3+ 22. Kf1 Bxg5 23. Red1 Qd7 24. Bf2 Qxf5 25. Rd3 Nd2+ 26. Kg1 Bf4 27. Qh3 Qg5+ 0-1

[Event "HUN-chT 0607"]
[Site "Hungary"]
[Date "2006.12.17"]
[Round "4"]
[White "Toth, Andras"]
[Black "Farkas, Tibor"]
[Result "1/2-1/2"]
[WhiteElo "2408"]
[BlackElo "2296"]
[PlyCount "33"]
[EventDate "2006.11.12"]
[EventType "team"]
[EventRounds "11"]
[EventCountry "HUN"]
[SourceTitle "EXT 2008"]
[Source "ChessBase"]
[SourceDate "2007.11.25"]
[SourceVersion "1"]
[SourceVersionDate "2007.11.25"]
[SourceQuality "1"]
[WhiteTeam "Paks"]
[BlackTeam "Mako"]
[WhiteTeamCountry "HUN"]
[BlackTeamCountry "HUN"]

1. e4 c5 2. Nf3 d6 3. d4 cxd4 4. Nxd4 Nf6 5. Nc3 a6 6. Bc4 e6 7. Bb3 Nbd7 8. Bg5 Qa5 9. Bxf6 Nxf6 10. Qe2 Be7 11. f4 0-0 12. 0-0-0 Nd7 13. Kb1 Nc5 14. e5 dxe5 15. fxe5 Qc7 16. Rhe1 b5 17. Qh5 1/2-1/2

[Event "Canberra ANU op"]
[Site "Canberra"]
[Date "2006.07.22"]
[Round "4"]
[White "Farrell, Roger S"]
[Black "Toth, Andras"]
[Result "0-1"]
[WhiteElo "2113"]
[BlackElo "2439"]
[PlyCount "54"]
[EventDate "2006.07.22"]
[EventType "swiss"]
[EventRounds "7"]
[EventCountry "AUS"]
[SourceTitle "EXT 2010"]
[Source "ChessBase"]
[SourceDate "2010.11.25"]
[SourceVersion "1"]
[SourceVersionDate "2010.11.25"]
[SourceQuality "1"]

1. d4 Nf6 2. c4 g6 3. Nc3 Bg7 4. Bg5 0-0 5. e3 c5 6. Nf3 cxd4 7. exd4 d5 8. Bxf6 Bxf6 9. Nxd5 Bg7 10. Be2 Nc6 11. 0-0 Bg4 12. Re1 e6 13. Nc3 Bxf3 14. Bxf3 Nxd4 15. Rc1 Qa5 16. Be4 Rad8 17. Qa4 Qb6 18. b4 f5 19. c5 Qc7 20. Bb1 Qf4 21. Re3 Be5 22. g3 Qh6 23. Rce1 f4 24. Rxe5 fxg3 25. hxg3 Nf3+ 26. Kg2 Qh2+ 27. Kf1 Qg1+ 0-1

[Event "HUN-chT 0506"]
[Site "Hungary"]
[Date "2006.04.09"]
[Round "10"]
[White "Toth, Andras"]
[Black "Sinkovics, Peter"]
[Result "1-0"]
[WhiteElo "2439"]
[BlackElo "2324"]
[PlyCount "95"]
[EventDate "2005.10.16"]
[EventType "team"]
[EventRounds "11"]
[EventCountry "HUN"]
[SourceTitle "EXT 2007"]
[Source "ChessBase"]
[SourceDate "2006.11.23"]
[SourceVersion "1"]
[SourceVersionDate "2006.11.23"]
[SourceQuality "1"]

1. e4 e5 2. Nf3 Nc6 3. Bb5 a6 4. Ba4 Nf6 5. 0-0 Be7 6. Re1 b5 7. Bb3 d6 8. c3 0-0 9. h3 Na5 10. Bc2 c5 11. d4 Qc7 12. Nbd2 cxd4 13. cxd4 Nc6 14. Nb3 a5 15. Be3 a4 16. Nbd2 Nb4 17. Bb1 Bd7 18. a3 Na6 19. Ba2 Rfc8 20. Nf1 Qb8 21. Ng3 b4 22. Rc1 Rxc1 23. Qxc1 b3 24. Bb1 Bb5 25. Bg5 g6 26. dxe5 dxe5 27. Qc3 h6 28. Bxh6 Nd7 29. Bd3 Bxd3 30. Qxd3 Nac5 31. Qc4 Qd6 32. Bg5 Bxg5 33. Nxg5 Qf6 34. h4 Ra6 35. Re3 Qe7 36. Ne2 Rd6 37. Nc3 Rd4 38. Qe2 Nb6 39. Rg3 Rd6 40. Qb5 f6 41. Kh2 Nbd7 42. Nf3 Kh7 43. Nd5 Qf7 44. Qc4 Rc6 45. h5 gxh5 46. Nh4 Rc8 47. Nf5 Kh8 48. Nd6 1-0

[Event "HUN-chT 0506"]
[Site "Hungary"]
[Date "2006.03.19"]
[Round "9"]
[White "Werner, Dimo"]
[Black "Toth, Andras"]
[Result "1-0"]
[WhiteElo "2372"]
[BlackElo "2439"]
[PlyCount "61"]
[EventDate "2005.10.16"]
[EventType "team"]
[EventRounds "11"]
[EventCountry "HUN"]
[SourceTitle "EXT 2007"]
[Source "ChessBase"]
[SourceDate "2006.11.23"]
[SourceVersion "1"]
[SourceVersionDate "2006.11.23"]
[SourceQuality "1"]

1. d4 Nf6 2. Nf3 g6 3. c4 Bg7 4. Nc3 d6 5. e4 0-0 6. Be2 e5 7. Be3 Ng4 8. Bg5 f6 9. Bc1 Nc6 10. h3 exd4 11. Nxd4 Nh6 12. Be3 g5 13. c5 f5 14. exf5 Nxf5 15. Nxf5 Bxf5 16. cxd6 cxd6 17. 0-0 h6 18. Qb3+ Kh8 19. Rad1 Qd7 20. Rd2 Be5 21. Rfd1 Bxh3 22. Ne4 Be6 23. Qa4 Qc7 24. Nxd6 a6 25. Qa3 Rad8 26. Nc4 Bxc4 27. Bxc4 Kg7 28. Bd5 Ne7 29. Bb6 Bh2+ 30. Kh1 Qe5 31. Bd4 1-0

[Event "HUN-chT 0506"]
[Site "Hungary"]
[Date "2005.11.13"]
[Round "3"]
[White "Toth, Andras"]
[Black "Horvath, Jozsef"]
[Result "1/2-1/2"]
[WhiteElo "2437"]
[BlackElo "2522"]
[PlyCount "35"]
[EventDate "2005.10.16"]
[EventType "team"]
[EventRounds "11"]
[EventCountry "HUN"]
[SourceTitle "EXT 2007"]
[Source "ChessBase"]
[SourceDate "2006.11.23"]
[SourceVersion "1"]
[SourceVersionDate "2006.11.23"]
[SourceQuality "1"]

1. e4 c5 2. Nf3 Nc6 3. d4 cxd4 4. Nxd4 Qb6 5. Nb3 Nf6 6. Nc3 e6 7. Bd3 d6 8. 0-0 a6 9. a4 Qc7 10. a5 Be7 11. Be3 0-0 12. f4 Nb4 13. Na4 Bd7 14. Nb6 Rab8 15. Qd2 Nxd3 16. cxd3 Bc6 17. Rac1 Nd7 18. Nd4 1/2-1/2